Effect of a transverse magnetic field on the electron-beam current in the initial phase of a vacuum discharge; Russian Physics Journal; Vol. 13, № 7

Detaylı Bibliyografya
Parent link:Russian Physics Journal
Vol. 13, № 7.— 1970.— P. 969-971
Yazar: Baksht R. B.
Diğer Yazarlar: Mesyats G. A. Gennady Andreyevich
Özet:В фонде НТБ ТПУ отсутствует
Dil:İngilizce
Baskı/Yayın Bilgisi: 1970
Konular:
Materyal Türü: MixedMaterials Kitap Bölümü
KOHA link:https://koha.lib.tpu.ru/cgi-bin/koha/opac-detail.pl?biblionumber=596926

MARC

LEADER 00000naa0a2200000 4500
001 596926
005 20250127103923.0
035 |a (RuTPU)RU\TPU\tpu\19987 
090 |a 596926 
100 |a 20110912d1970 k||y0rusy50 ba 
101 0 |a eng 
102 |a RU 
200 1 |a Effect of a transverse magnetic field on the electron-beam current in the initial phase of a vacuum discharge  |f R. B. Baksht, G. A. Mesyats 
320 |a Lit. cit.: p. 971 (7 tit.) 
333 |a В фонде НТБ ТПУ отсутствует 
461 |t Russian Physics Journal 
463 |t Vol. 13, № 7  |v P. 969-971  |d 1970 
610 1 |a труды учёных ТПУ 
700 1 |a Baksht  |b R. B. 
701 1 |a Mesyats  |b G. A.  |c russian physicist  |c academican, vice-president of RAS  |c graduate of Tomsk Polytechnic Institute  |f 1936-  |g Gennady Andreyevich  |3 (RuTPU)RU\TPU\pers\28088  |4 070 
801 1 |a RU  |b 63413507  |c 20110912 
801 2 |a RU  |b 63413507  |c 20110912  |g RCR 
942 |c CR